000 00204 a2200097 4500
245 _aBRIGHT DAY
_hText
020 _a0749319038
100 _aJ.B Priestley
005 20191017173358.0
260 _bMandarin
_c1946
084 _aP23P934BR
999 _c10178
_d10178